Statistiken für FC Schalke 04 Kader 2019/20

Klicken Sie hier um das Quiz zu spielen!

Allgemein

  • Dieses Quiz wurde 210 mal gespielt
  • Das Durchschnittsergebnis liegt bei 13 aus 25

Antwortstatistiken

PositionName% Korrekt
TorwartAlexander Nübel
89%
SturmGuido Burgstaller
76%
MittelfeldAmine Harit
75%
TrainerDavid Wagner
74%
AbwehrSalif Sane
70%
TorwartMarkus Schubert
68%
MittelfeldSuat Serdar
67%
TowartMichael Langer
63%
AbwehrBenjamin Stambouli
62%
AbwehrBastian Oczipka
60%
AbwehrMatija Nastasic
60%
AbwehrOzan Kabak
54%
MittelfeldOmar Mascarell
51%
AbwehrJonjoe Kenny
48%
SturmBenito Raman
47%
MittelfeldWeston McKennie
46%
MittelfeldDaniel Caligiuri
45%
MittelfeldAlessandro Schöpf
44%
SturmAhmed Kutucu
43%
MittelfeldRabbi Matondo
43%
MittelfeldNassim Boujellab
38%
SturmMichael Gregoritsch
34%
AbwehrJuan Miranda
24%
MittelfeldMünir Levent Mercan
23%
AbwehrJean-Clair Todibo
20%

Verteilung der Resultate

Perzentil nach korrekt beantworteten Fragen

Anzahl Personen mit jedem Resultat

Ihre Resultats-Entwicklung

Sie haben dieses Quiz noch nicht gespielt